Statystyki dla Najmniejsze państwo na literę A-Z

Kliknij tutaj aby rozwiązać quiz!

Ogólne statystyki

  • Ten quiz został rozwiązany 158 razy
  • Średni wynik to 12 z 24

Statystyki odpowiedzi

LiteraPaństwo% Poprawnych
WWatykan
88%
ŁŁotwa
79%
OOman
77%
MMonako
70%
SSan Marino
68%
VVanuatu
65%
FFidżi
56%
AAntigua i Barbuda
53%
DDominika
52%
TTuvalu
49%
HHaiti
48%
BBarbados
47%
NNauru
47%
PPalau
47%
LLiechtenstein
44%
UUrugwaj
44%
ZZjednoczone Emiraty Arabskie
43%
KKiribati
39%
EEswatini
38%
JJamajka
38%
GGrenada
36%
IIzrael
34%
RRepublika Zielonego Przylądka
27%
CCzarnogóra
19%

Rozkład punktacji

Percentyl według liczby udzielonych odpowiedzi

Procent ludzi z każdym wynikiem

Twoja historia wyników

Nie rozwiązałeś tego quizu